Janeway's Immunobiology (Record no. 16985)
[ view plain ]
| 000 -LEADER | |
|---|---|
| fixed length control field | 00258nam a22001097a 4500 |
| 008 - FIXED-LENGTH DATA ELEMENTS--GENERAL INFORMATION | |
| fixed length control field | 140217t xxu||||| |||| 00| 0 eng d |
| 020 ## - INTERNATIONAL STANDARD BOOK NUMBER | |
| International Standard Book Number | 978-0-8153-4243-4 |
| 100 ## - MAIN ENTRY--PERSONAL NAME | |
| Personal name | Kenneth Murphy |
| 9 (RLIN) | 727 |
| 245 ## - TITLE STATEMENT | |
| Title | Janeway's Immunobiology |
| 300 ## - PHYSICAL DESCRIPTION | |
| Extent | 868 |
| 942 ## - ADDED ENTRY ELEMENTS (KOHA) | |
| Source of classification or shelving scheme | |
| Koha item type | Book |
| Withdrawn status | Lost status | Source of classification or shelving scheme | Damaged status | Not for loan | Permanent Location | Current Location | Date acquired | Total Checkouts | Total Renewals | Full call number | Barcode | Date last seen | Date last checked out | Price effective from | Koha item type |
|---|---|---|---|---|---|---|---|---|---|---|---|---|---|---|---|
| Atta-ur-Rahman School of Applied Biosciences (ASAB) | Atta-ur-Rahman School of Applied Biosciences (ASAB) | 02/17/2014 | 4 | 3 | 616.07 MUR | ASAB3129 | 12/03/2025 | 04/01/2022 | 02/17/2014 | Book |
